000 00553nam a2200193Ia 4500
003 GCL
008 140319s9999 xx 000 0 ara d
040 _aGCL /
_cGCL
082 0 4 _a920.7
_bم ر
100 1 _aمصطفى طيبة
245 1 0 _aرسائل سحين سياسى الى حبيبته : الجزء الثانى /
_cمصطفى طيبة
300 _a190 ص
490 _a
650 0 4 _aالتراجم الذاتية
650 0 4 _aالاعتقال
650 0 4 _aالسجون فى الادب
650 0 4 _aالتعذيب
942 _2ddc
_cBK
999 _c39733
_d39733